000 00767nam a2200265Ia 4500
003 OSt
005 20220928131559.0
006 a|||||r|||| 00| 0
007 ta
008 220927b |||||||| |||| 00| 0 eng d
020 _c4789.5299999999997
024 _a119439
037 _b086, 22/08/2013, N.R.Book Distributors
_cTextual
040 _aSDCL
_cSDCL
_beng
041 _2eng
_aeng
082 _aG:6, Q4
100 _aHartl Daniel L
_9435488
245 0 _aEssential genetics
_b A genomics perspective
250 _a6th
260 _aBurlington
_bJones &Bartlett
_c2014
300 _axxv;572p
_ccm.
650 _aGenetics
942 _hG:6, Q4
_cTEXL
_2CC
999 _c791525
_d791525